[Event "VI Festival A"]
[Site "Amantea ITA"]
[Date "2008.09.04"]
[Round "6"]
[White "Shytaj, Luca"]
[Black "Isonzo, David"]
[Result "0-1"]
[WhiteElo "2467"]
[BlackElo "2362"]
[PlyCount "126"]
[EventDate "2008.08.31"]

1. e4 c5 2. Nf3 d6 3. d4 cxd4 4. Qxd4 Nc6 5. Bb5 Bd7 6. Bxc6 Bxc6 7. Nc3 e5 8.
Qd3 h6 9. O-O Nf6 10. Re1 Be7 11. Nd2 Rc8 12. Nf1 Bd7 13. Ne3 Be6 14. a4 O-O
15. a5 a6 16. Bd2 Qc7 17. b3 Rfd8 18. Ra2 Bf8 19. Rd1 g6 20. Be1 Bg7 21. Ncd5
Nxd5 22. Nxd5 Bxd5 23. Qxd5 Qc6 24. c4 Qxd5 25. Rxd5 Rc5 26. Rd3 f5 27. f3 Kf7
28. Bf2 Rc6 29. Kf1 Ke6 30. Ke1 Bf6 31. Kd2 Rf8 32. Kc3 Be7 33. Be3 Bg5 34. Bb6
fxe4 35. fxe4 Rf1 36. Rf2 Rxf2 37. Bxf2 Rc7 38. h4 Bf6 39. Rg3 Rg7 40. Rf3 Rf7
41. g4 Bd8 42. Rxf7 Kxf7 43. b4 h5 44. g5 Ke7 45. Kb3 Kd7 46. Ka4 Kc6 47. Be3
Be7 48. Bb6 Kd7 49. b5 Kc8 50. Kb3 Kd7 51. Kc3 Bf8 52. Kb3 Be7 53. Be3 Bf8 54.
Bc1 Be7 55. Ba3 Bxg5 56. c5 axb5 57. Kb4 dxc5+ 58. Kxb5 Bxh4 59. Bxc5 Bd8 60.
Bg1 g5 61. Bh2 Ke6 62. Bg1 g4 63. Bb6 Bxb6 0-1

[Event "VI Festival A"]
[Site "Amantea ITA"]
[Date "2008.09.05"]
[Round "7"]
[White "Bentivegna, Francesco"]
[Black "Naumkin, Igor"]
[Result "1/2-1/2"]
[WhiteElo "2329"]
[BlackElo "2502"]
[PlyCount "69"]
[EventDate "2008.08.31"]

1. d4 e6 2. e4 d5 3. Nc3 Nf6 4. Bg5 Be7 5. e5 Nfd7 6. h4 a6 7. Qg4 Bxg5 8. hxg5
c5 9. dxc5 Qc7 10. f4 Qxc5 11. O-O-O Nc6 12. Nf3 b5 13. g6 f5 14. Qg3 h6 15.
Ng5 Nd8 16. Bd3 Rg8 17. Nf7 Nb6 18. Nd6+ Kd7 19. Qh4 Nb7 20. Nf7 Kc7 21. Rhe1
Bd7 22. g4 fxg4 23. Qxg4 Rac8 24. f5 exf5 25. Qf4 Be6 26. Bxf5 Rge8 27. Nd6
Nxd6 28. Bxe6 Rxe6 29. exd6+ Rxd6 30. Re7+ Kb8 31. Re6 Rcc6 32. Qf8+ Nc8 33.
Rxd6 Qxd6 34. Qxg7 Qxg6 35. Qe5+ 1/2-1/2

[Event "VI Festival A"]
[Site "Amantea ITA"]
[Date "2008.09.05"]
[Round "7"]
[White "Calzetta Ruiz, Monica"]
[Black "Ljubisavljevic, Zivojin Z."]
[Result "1-0"]
[WhiteElo "2264"]
[BlackElo "2261"]
[PlyCount "67"]
[EventDate "2008.08.31"]

1. e4 g6 2. d4 Bg7 3. Nc3 d6 4. Be3 Nc6 5. d5 Nb8 6. Bd3 c5 7. Nge2 a6 8. a4
Nf6 9. h3 O-O 10. O-O Qc7 11. Ng3 Nbd7 12. f4 Rb8 13. Qe2 Qa5 14. Kh1 Ne8 15.
Bd2 Qc7 16. Rae1 Nb6 17. b3 c4 18. bxc4 Bxc3 19. Bxc3 Nxa4 20. Ba1 b5 21. f5
bxc4 22. Bxc4 Nb2 23. Bb3 a5 24. Bxb2 a4 25. Qe3 axb3 26. Qh6 Nf6 27. fxg6 fxg6
28. e5 Ba6 29. exf6 exf6 30. c4 Qg7 31. Qxg7+ Kxg7 32. Re7+ Kh6 33. Bc1+ g5 34.
Nf5+ 1-0

[Event "VI Festival A"]
[Site "Amantea ITA"]
[Date "2008.09.05"]
[Round "7"]
[White "De Leon Cultri Fascetti, Angelo"]
[Black "Damia, Angelo"]
[Result "1/2-1/2"]
[WhiteElo "2089"]
[BlackElo "2247"]
[PlyCount "22"]
[EventDate "2008.08.31"]

1. d4 d5 2. c4 e5 3. dxe5 d4 4. Nf3 Nc6 5. g3 Nge7 6. Bg2 Ng6 7. O-O Ngxe5 8.
Nxe5 Nxe5 9. b3 Bc5 10. Nd2 O-O 11. Bb2 a5 1/2-1/2

[Event "VI Festival A"]
[Site "Amantea ITA"]
[Date "2008.09.05"]
[Round "7"]
[White "Estremera Panos, Sergio"]
[Black "Marholev, Dimitar"]
[Result "1/2-1/2"]
[WhiteElo "2394"]
[BlackElo "2366"]
[PlyCount "74"]
[EventDate "2008.08.31"]

1. d4 Nf6 2. c4 g6 3. Nc3 Bg7 4. e4 d6 5. Nf3 O-O 6. Be2 c5 7. O-O Bg4 8. d5
Na6 9. h3 Bxf3 10. Bxf3 Nd7 11. Be3 Nc7 12. Qd2 Qb8 13. Bg4 Rd8 14. a4 Nf6 15.
f4 Nxg4 16. hxg4 e6 17. f5 exf5 18. gxf5 Ne8 19. fxg6 hxg6 20. Qf2 Rd7 21. Qh4
Qd8 22. Qh3 Be5 23. Rf3 f6 24. Qh6 Rg7 25. Ne2 g5 26. Rh3 Qe7 27. Qh8+ Kf7 28.
Rf1 Qf8 29. Qh5+ Ke7 30. Qg4 Kd8 31. b4 b6 32. bxc5 dxc5 33. Ng3 Nd6 34. Nf5
Nxf5 35. Qxf5 Kc7 36. Rh7 Qe7 37. Rh6 Rf8 1/2-1/2

[Event "VI Festival A"]
[Site "Amantea ITA"]
[Date "2008.09.05"]
[Round "7"]
[White "Grimaldi, Fabio"]
[Black "Stoja, Rocco"]
[Result "0-1"]
[WhiteElo "1814"]
[BlackElo "1899"]
[PlyCount "102"]
[EventDate "2008.08.31"]

1. e4 d6 2. d4 g6 3. Nc3 Bg7 4. Be3 Nf6 5. f3 O-O 6. Qd2 a6 7. h4 b5 8. g4 e5
9. d5 b4 10. Nce2 c5 11. Ng3 Bxg4 12. fxg4 Nxg4 13. h5 Nxe3 14. Qxe3 Nd7 15.
hxg6 fxg6 16. Nf3 Qa5 17. Kd1 c4 18. Bxc4 Rac8 19. Be2 Qa4 20. Qb3 Qa5 21. Ng5
Rf2 22. Rxh7 Nf6 23. Qe3 Nxh7 24. Nxh7 Rh2 25. Ng5 Bh6 26. Bg4 Rcxc2 27. Be6+
Kg7 28. Qa7+ Qc7 29. Qxc7+ Rxc7 30. Nf3 Rf2 31. Nxe5 dxe5 32. Ke1 Rd2 33. Rd1
Rcc2 34. d6 Rxd1+ 35. Kxd1 Rd2+ 36. Ke1 Rxd6 37. Bd5 Rd7 38. b3 Rc7 39. Bc4 Bf4
40. Ne2 g5 41. Bxa6 Ra7 42. Bc4 Rxa2 43. Kf2 Kh6 44. Kf3 Kh5 45. Be6 Rd2 46.
Bc4 g4+ 47. Kf2 Kh4 48. Kf1 g3 49. Ng1 Rf2+ 50. Ke1 Bd2+ 51. Kd1 g2 0-1

[Event "VI Festival A"]
[Site "Amantea ITA"]
[Date "2008.09.05"]
[Round "7"]
[White "Maiorov, Nikita"]
[Black "Isonzo, David"]
[Result "1-0"]
[WhiteElo "2535"]
[BlackElo "2362"]
[PlyCount "65"]
[EventDate "2008.08.31"]

1. d4 d5 2. c4 e6 3. Nf3 Nf6 4. e3 dxc4 5. Bxc4 c5 6. O-O a6 7. dxc5 Bxc5 8.
Qxd8+ Kxd8 9. Ne5 Ke7 10. Be2 Nbd7 11. Nc4 Nb6 12. b4 Nxc4 13. bxc5 Ne5 14. Bb2
Nc6 15. Nd2 Rd8 16. Nc4 Ne8 17. f4 Rb8 18. Bf3 f6 19. Rab1 Bd7 20. Be4 h6 21.
Ba3 Kf7 22. Rfd1 Bc8 23. Rxd8 Nxd8 24. Rb6 Ra8 25. Rb3 g6 26. c6 Nxc6 27. Nb6
Rb8 28. Nxc8 Rxc8 29. Rxb7+ Kg8 30. Bxg6 Ng7 31. Bb2 e5 32. Be4 exf4 33. Bd5+
1-0

[Event "VI Festival A"]
[Site "Amantea ITA"]
[Date "2008.09.05"]
[Round "7"]
[White "Procacci, Sergio"]
[Black "Shytaj, Luca"]
[Result "0-1"]
[WhiteElo "2006"]
[BlackElo "2467"]
[PlyCount "46"]
[EventDate "2008.08.31"]

1. e4 Nc6 2. d4 d5 3. e5 Bf5 4. Bb5 e6 5. Nd2 Nge7 6. c3 a6 7. Be2 f6 8. Ndf3
fxe5 9. Nxe5 Nxe5 10. dxe5 Nc6 11. Nf3 Bc5 12. Bg5 Qd7 13. b4 Bb6 14. b5 axb5
15. Bxb5 O-O 16. Nd4 Qf7 17. Bxc6 bxc6 18. Be3 Qg6 19. Rg1 c5 20. Ne2 Bd3 21.
f3 Bc4 22. a4 Qf5 23. Bf4 Bxe2 0-1

[Event "VI Festival A"]
[Site "Amantea ITA"]
[Date "2008.09.05"]
[Round "7"]
[White "Savage, Ben D.M."]
[Black "Duggan, Christopher"]
[Result "1-0"]
[WhiteElo "2309"]
[BlackElo "2050"]
[PlyCount "63"]
[EventDate "2008.08.31"]

1. d4 Nf6 2. c4 e6 3. Nc3 Bb4 4. Qc2 d5 5. a3 Bxc3+ 6. Qxc3 Ne4 7. Qc2 Nc6 8.
e3 e5 9. f3 Nf6 10. dxe5 Nxe5 11. cxd5 Qxd5 12. e4 Qc6 13. Qxc6+ Nxc6 14. Bf4
Nd4 15. Rc1 c6 16. Be3 Nb3 17. Rc3 Be6 18. Ne2 O-O-O 19. Bxa7 Rd2 20. Rxb3
Rxe2+ 21. Bxe2 Bxb3 22. Kd2 Kc7 23. Kc3 Be6 24. Bd4 Nd7 25. Rd1 f5 26. exf5
Bxf5 27. g4 Re8 28. Kd2 Bg6 29. Bxg7 Nc5 30. f4 Nb3+ 31. Ke1 Nc1 32. Be5+ 1-0

[Event "VI Festival A"]
[Site "Amantea ITA"]
[Date "2008.09.05"]
[Round "7"]
[White "Shaw, David A."]
[Black "Garofalo, Massimo"]
[Result "1-0"]
[WhiteElo "2269"]
[BlackElo "1829"]
[PlyCount "43"]
[EventDate "2008.08.31"]

1. e4 c5 2. Nf3 d6 3. d4 cxd4 4. Nxd4 Nf6 5. Nc3 a6 6. f3 Nc6 7. Be3 e6 8. Qd2
Be7 9. O-O-O Nxd4 10. Bxd4 e5 11. Be3 Be6 12. Kb1 O-O 13. g4 Rc8 14. h4 b5 15.
h5 d5 16. Nxd5 Bxd5 17. exd5 Qc7 18. c4 Rfd8 19. g5 bxc4 20. gxf6 c3 21. Qxc3
Qd6 22. fxe7 1-0

[Event "VI Festival A"]
[Site "Amantea ITA"]
[Date "2008.09.05"]
[Round "7"]
[White "Spassov, Liuben D."]
[Black "Ambrosanio, Raffaele"]
[Result "1-0"]
[WhiteElo "2428"]
[BlackElo "1942"]
[PlyCount "53"]
[EventDate "2008.08.31"]

1. d4 Nf6 2. c4 g6 3. Nc3 Bg7 4. e4 d6 5. f3 O-O 6. Bg5 c5 7. d5 e6 8. Qd2 exd5
9. cxd5 a6 10. a4 Nbd7 11. Nh3 h6 12. Be3 Ne5 13. Nf2 h5 14. Be2 Bd7 15. O-O
Kh7 16. h3 Bc8 17. f4 Ned7 18. Bd3 Ng8 19. e5 dxe5 20. f5 Bh6 21. Nfe4 c4 22.
Bxh6 Nxh6 23. fxg6+ fxg6 24. Ng5+ Kg8 25. Ne6 Qb6+ 26. Kh1 Rxf1+ 27. Rxf1 1-0

[Event "VI Festival A"]
[Site "Amantea ITA"]
[Date "2008.09.06"]
[Round "8"]
[White "Damia, Angelo"]
[Black "Maiorov, Nikita"]
[Result "0-1"]
[WhiteElo "2247"]
[BlackElo "2535"]
[PlyCount "56"]
[EventDate "2008.08.31"]

1. d4 Nf6 2. Nf3 e6 3. c4 b6 4. g3 Bb7 5. Bg2 Be7 6. O-O O-O 7. d5 Na6 8. Nd4
exd5 9. Nf5 c6 10. cxd5 cxd5 11. Nc3 Nc7 12. Bf4 d6 13. e4 Ne6 14. e5 dxe5 15.
Bxe5 Kh8 16. Re1 Re8 17. Qd2 Bf8 18. Rad1 Ng4 19. Nxd5 Bc5 20. Nde3 Qxd2 21.
Rxd2 Nxe5 22. Bxb7 Rab8 23. Nc2 Ng5 24. Kg2 g6 25. b4 gxf5 26. bxc5 Rxb7 27. c6
Rbe7 28. f4 Ngf3 0-1

[Event "VI Festival A"]
[Site "Amantea ITA"]
[Date "2008.09.06"]
[Round "8"]
[White "Gad, Ahmad"]
[Black "Procacci, Sergio"]
[Result "0-1"]
[WhiteElo "1957"]
[BlackElo "2006"]
[PlyCount "126"]
[EventDate "2008.08.31"]

1. e4 d6 2. d4 Nf6 3. Nc3 g6 4. g3 Bg7 5. Bg2 c6 6. Nge2 O-O 7. O-O e5 8. h3
Nbd7 9. Be3 Re8 10. Qd3 exd4 11. Bxd4 Ne5 12. Qd1 c5 13. Be3 Rb8 14. Bg5 Be6
15. Nf4 h6 16. Bxf6 Bxf6 17. Ncd5 Bg7 18. Qe2 Qd7 19. Rad1 Rbd8 20. Kh2 b5 21.
b3 b4 22. Rd2 Nc6 23. Qd1 Nd4 24. Ne2 Bxd5 25. exd5 Nb5 26. Kh1 Re7 27. Nf4
Rde8 28. Re2 Nc3 29. Rxe7 Rxe7 30. Qd2 Qe8 31. Bf3 Nxa2 32. h4 Nc3 33. Nd3 Nb5
34. Re1 Rxe1+ 35. Qxe1 Qxe1+ 36. Nxe1 Nd4 37. Be4 f5 38. Bd3 Kf7 39. Kg2 Kf6
40. f4 g5 41. hxg5+ hxg5 42. Nf3 Nxf3 43. Kxf3 gxf4 44. Kxf4 Bh6+ 45. Kf3 Ke5
46. Bc4 Kd4 47. Ke2 a5 48. Bb5 Kxd5 49. Kd3 Bg7 50. Bd7 Ke5 51. Ke3 d5 52. Bb5
Bh6+ 53. Kd3 Bc1 54. Bd7 Bb2 55. Bb5 Bc3 56. Ke3 Be1 57. Kf3 Kd4 58. Bd7 c4 59.
bxc4 dxc4 60. Ba4 Kc3 61. g4 fxg4+ 62. Kxg4 b3 63. cxb3 cxb3 0-1

[Event "VI Festival A"]
[Site "Amantea ITA"]
[Date "2008.09.06"]
[Round "8"]
[White "Garofalo, Massimo"]
[Black "Ambrosanio, Raffaele"]
[Result "1/2-1/2"]
[WhiteElo "1829"]
[BlackElo "1942"]
[PlyCount "65"]
[EventDate "2008.08.31"]

1. e4 d6 2. d4 Nf6 3. Nc3 g6 4. Bc4 Bg7 5. Nge2 O-O 6. f3 c6 7. a4 Nbd7 8. Bb3
e5 9. dxe5 dxe5 10. Be3 Qa5 11. O-O Nc5 12. Bxc5 Qxc5+ 13. Kh1 Qe7 14. Qd2 Be6
15. Bxe6 Qxe6 16. Qe3 Rfd8 17. Rfd1 b6 18. Rd3 Rxd3 19. Qxd3 Bf8 20. Rd1 a5 21.
Qe3 Bc5 22. Qh6 Nh5 23. Qd2 Qf6 24. Qd7 Ng7 25. h3 Rf8 26. Rd3 g5 27. Na2 h5
28. c3 g4 29. b4 axb4 30. cxb4 Be7 31. Qc7 gxh3 32. Qxb6 hxg2+ 33. Kxg2 1/2-1/2

[Event "VI Festival A"]
[Site "Amantea ITA"]
[Date "2008.09.06"]
[Round "8"]
[White "Grimaldi, Fabio"]
[Black "Shaw, David A."]
[Result "0-1"]
[WhiteElo "1814"]
[BlackElo "2269"]
[PlyCount "42"]
[EventDate "2008.08.31"]

1. e4 e6 2. d4 d5 3. Nc3 Bb4 4. e5 c5 5. Bd2 Ne7 6. Nb5 Bxd2+ 7. Qxd2 O-O 8.
O-O-O Nbc6 9. f4 a6 10. Nd6 Nxd4 11. Bd3 Nb5 12. Nxc8 Rxc8 13. Nf3 c4 14. Bxh7+
Kxh7 15. Ng5+ Kg8 16. Qe2 Nf5 17. Qh5 Nh6 18. c3 Qa5 19. g4 Nxc3 20. bxc3 Qxc3+
21. Kb1 Rc6 0-1

[Event "VI Festival A"]
[Site "Amantea ITA"]
[Date "2008.09.06"]
[Round "8"]
[White "Isonzo, David"]
[Black "Spassov, Liuben D."]
[Result "1/2-1/2"]
[WhiteElo "2362"]
[BlackElo "2428"]
[PlyCount "84"]
[EventDate "2008.08.31"]

1. e4 c6 2. d3 d5 3. Nd2 g6 4. Ngf3 Bg7 5. g3 e5 6. Bg2 Ne7 7. O-O O-O 8. Re1
d4 9. a4 c5 10. Nc4 Nbc6 11. c3 dxc3 12. bxc3 Rb8 13. Ne3 h6 14. h4 Be6 15. h5
Qd7 16. hxg6 fxg6 17. Bf1 Rf7 18. Nd2 Rbf8 19. Be2 Kh7 20. Rf1 b6 21. Ndc4 h5
22. Ng2 Nc8 23. Nce3 Bh6 24. Nh4 Rf6 25. Neg2 Bxc1 26. Rxc1 Qg7 27. f4 g5 28.
Nf5 Bxf5 29. exf5 gxf4 30. gxf4 Rg8 31. Bf3 exf4 32. Bd5 Rd8 33. Qxh5+ Rh6 34.
Qf7 Ne5 35. Qxg7+ Kxg7 36. Nxf4 Kf6 37. Be6 Ne7 38. Rce1 Rh4 39. Re3 Rg4+ 40.
Kh2 Rh4+ 41. Kg1 Rg4+ 42. Kh2 Rh4+ 1/2-1/2

[Event "VI Festival A"]
[Site "Amantea ITA"]
[Date "2008.09.06"]
[Round "8"]
[White "Ljubisavljevic, Zivojin Z."]
[Black "De Leon Cultri Fascetti, Angelo"]
[Result "1-0"]
[WhiteElo "2261"]
[BlackElo "2089"]
[PlyCount "93"]
[EventDate "2008.08.31"]

1. e4 c6 2. d4 d5 3. Nc3 dxe4 4. Nxe4 Bf5 5. Ng3 Bg6 6. f4 e6 7. Nf3 Nf6 8. Bc4
Be7 9. O-O O-O 10. Ne5 c5 11. c3 cxd4 12. cxd4 Nc6 13. Nxc6 bxc6 14. f5 exf5
15. Nxf5 Bxf5 16. Rxf5 Qd7 17. Rf4 Rad8 18. Qf3 Nd5 19. Bxd5 Qxd5 20. Qxd5 Rxd5
21. Re4 Bf6 22. Be3 Rfd8 23. Rc1 Bxd4 24. Bxd4 Rxd4 25. Rxd4 Rxd4 26. Rxc6 g6
27. Rc2 Kg7 28. Kf2 h5 29. Ke3 Rd7 30. b4 Rb7 31. Rb2 Rd7 32. a4 Kf6 33. b5 Ke5
34. a5 Rb7 35. b6 axb6 36. Rxb6 Ra7 37. a6 Kf5 38. Kd4 h4 39. Kc5 g5 40. Kc6
Kf4 41. Rb4+ Ke3 42. Kb6 Rxa6+ 43. Kxa6 f5 44. Kb5 Kf2 45. Rb2+ Kg1 46. Kc4 g4
47. g3 1-0

[Event "VI Festival A"]
[Site "Amantea ITA"]
[Date "2008.09.06"]
[Round "8"]
[White "Marholev, Dimitar"]
[Black "Bentivegna, Francesco"]
[Result "0-1"]
[WhiteElo "2366"]
[BlackElo "2329"]
[PlyCount "56"]
[EventDate "2008.08.31"]

1. Nf3 f5 2. g3 Nf6 3. Bg2 g6 4. b3 Bg7 5. Bb2 d6 6. O-O e5 7. c4 O-O 8. Nc3
Nc6 9. d3 h6 10. Nd5 Ne7 11. Nxe7+ Qxe7 12. c5 g5 13. Rc1 Be6 14. cxd6 cxd6 15.
Nd2 Rac8 16. Rxc8 Rxc8 17. e4 f4 18. Nc4 b5 19. Nd2 Qc7 20. d4 Qc2 21. dxe5
dxe5 22. Qc1 Nd7 23. Nb1 Qxc1 24. Rxc1 Rxc1+ 25. Bxc1 Nc5 26. Ba3 Bf8 27. Bb2
Nd3 28. Bc3 Bc5 0-1

[Event "VI Festival A"]
[Site "Amantea ITA"]
[Date "2008.09.06"]
[Round "8"]
[White "Naumkin, Igor"]
[Black "Calzetta Ruiz, Monica"]
[Result "1/2-1/2"]
[WhiteElo "2502"]
[BlackElo "2264"]
[PlyCount "73"]
[EventDate "2008.08.31"]

1. d4 Nf6 2. c4 c5 3. d5 b5 4. cxb5 a6 5. bxa6 g6 6. Nc3 Bxa6 7. Nf3 d6 8. e4
Bxf1 9. Kxf1 Nbd7 10. g3 Bg7 11. Kg2 O-O 12. Re1 Ra7 13. Bg5 Qa8 14. Rc1 h6 15.
Bxf6 Bxf6 16. a3 Rb8 17. Qd2 Kh7 18. Rc2 Rab7 19. Nd1 Qa4 20. Re2 Rb3 21. Qf4
Qa6 22. Ne3 h5 23. Nc4 Kg7 24. h4 Nb6 25. Ne3 Na4 26. g4 Nxb2 27. gxh5 Nd3 28.
Qg4 Qc8 29. Qg3 Qh8 30. hxg6 fxg6 31. Red2 Rf8 32. Rd1 Qh5 33. Nf5+ Kh8 34. Ne3
Bg7 35. Rg1 Rxa3 36. Ng5 Be5 37. Qg4 1/2-1/2

[Event "VI Festival A"]
[Site "Amantea ITA"]
[Date "2008.09.06"]
[Round "8"]
[White "Shytaj, Luca"]
[Black "Estremera Panos, Sergio"]
[Result "1-0"]
[WhiteElo "2467"]
[BlackElo "2394"]
[PlyCount "111"]
[EventDate "2008.08.31"]

1. e4 c5 2. Nf3 Nc6 3. d4 cxd4 4. Nxd4 Nf6 5. Nc3 d6 6. f3 e5 7. Nb3 Be7 8. Be3
O-O 9. Qd2 a5 10. Bb5 Na7 11. Be2 Be6 12. Rd1 Nc8 13. Qc1 Qc7 14. Nb5 Qc6 15.
c4 Nb6 16. Nd2 Rfc8 17. O-O Nxc4 18. Bxc4 Bxc4 19. Qxc4 Qxc4 20. Nxc4 Rxc4 21.
Nxd6 Rc2 22. Nf5 Bc5 23. Bxc5 Rxc5 24. Rc1 Rxc1 25. Rxc1 g6 26. Nd6 Ra6 27.
Rc8+ Kg7 28. Nc4 Nd7 29. Rc7 b5 30. Ne3 Rd6 31. Kf1 h5 32. Ke1 Kf8 33. b3 Kg7
34. h4 a4 35. b4 Nf8 36. Rc5 Rd3 37. Nc2 Ne6 38. Rxe5 Nf4 39. g3 Rc3 40. Kd1
Rd3+ 41. Ke1 Rc3 42. Rc5 Rxc5 43. bxc5 Nd3+ 44. Kd2 Nxc5 45. Kc3 Na6 46. a3 Kf6
47. Nd4 b4+ 48. axb4 a3 49. Nc2 a2 50. f4 Ke6 51. Kb2 f5 52. e5 Kd5 53. Kxa2
Nc7 54. Kb3 Ke4 55. Kc4 Kf3 56. b5 1-0

[Event "VI Festival A"]
[Site "Amantea ITA"]
[Date "2008.09.06"]
[Round "8"]
[White "Stoja, Rocco"]
[Black "Savage, Ben D.M."]
[Result "0-1"]
[WhiteElo "1899"]
[BlackElo "2309"]
[PlyCount "82"]
[EventDate "2008.08.31"]

1. d4 d5 2. c4 dxc4 3. Nf3 Nf6 4. e3 e6 5. Bxc4 c5 6. Nc3 a6 7. Bb3 Nc6 8. O-O
Qc7 9. d5 exd5 10. Nxd5 Nxd5 11. Bxd5 Be7 12. Bd2 O-O 13. Bc3 Bg4 14. Qe2 Rad8
15. Qc4 Bh5 16. Bxc6 Qxc6 17. Ne5 Qc7 18. g4 Bg6 19. Nxg6 hxg6 20. Qe2 Rd7 21.
Rad1 Rfd8 22. Rxd7 Qxd7 23. Rc1 b5 24. Ba5 Rc8 25. Rd1 Qe6 26. a3 Bf6 27. h3
Qb3 28. Rd2 c4 29. Rc2 Qa4 30. Qd2 Rc6 31. Bb4 Rc8 32. Ba5 Kh7 33. Kg2 Rc5 34.
Bb4 Rd5 35. Qe2 Rd3 36. Kf3 Qb3 37. Kg2 Qa2 38. f4 Qb1 39. g5 Rxe3 40. Qf2 Bd4
41. Rd2 Qe4+ 0-1

[Event "VI Festival A"]
[Site "Amantea ITA"]
[Date "2008.09.07"]
[Round "9"]
[White "De Leon Cultri Fascetti, Angelo"]
[Black "Gad, Ahmad"]
[Result "1-0"]
[WhiteElo "2089"]
[BlackElo "1957"]
[PlyCount "43"]
[EventDate "2008.08.31"]

1. d4 f5 2. g3 Nf6 3. Bg2 g6 4. c4 Bg7 5. Nc3 d6 6. Nf3 O-O 7. O-O Qe8 8. d5
Na6 9. a3 c6 10. e4 Nc5 11. exf5 Bxf5 12. dxc6 bxc6 13. Nd4 Bd7 14. b4 Ne6 15.
Be3 Nxd4 16. Bxd4 Qf7 17. Rc1 e5 18. Be3 Qe7 19. b5 Rfc8 20. Bg5 Rab8 21. bxc6
Be6 22. Ne4 1-0

[Event "VI Festival A"]
[Site "Amantea ITA"]
[Date "2008.09.07"]
[Round "9"]
[White "Duggan, Christopher"]
[Black "Grimaldi, Fabio"]
[Result "1-0"]
[WhiteElo "2050"]
[BlackElo "1814"]
[PlyCount "93"]
[EventDate "2008.08.31"]

1. e4 e5 2. Nf3 Nc6 3. Bb5 a6 4. Ba4 Nf6 5. d3 b5 6. Bb3 Bc5 7. c3 d5 8. exd5
Nxd5 9. O-O O-O 10. Nbd2 Bb6 11. Ne4 f5 12. Re1 Kh8 13. Ng3 Qd6 14. a4 Bb7 15.
axb5 axb5 16. Rxa8 Bxa8 17. Ng5 Nce7 18. Qh5 Qg6 19. Rxe5 f4 20. Qf3 Qf6 21.
Qh5 h6 22. N3e4 Qg6 23. Qh3 Rf5 24. Re6 Rf6 25. Nxf6 Qxg5 26. Bxd5 Bxd5 27.
Nxd5 Nxd5 28. Qf3 Qf5 29. Re8+ Kh7 30. Qe4 Qxe4 31. Rxe4 g5 32. h4 Nf6 33. Re7+
Kg6 34. hxg5 hxg5 35. Kf1 Ng4 36. d4 Kf6 37. Rh7 Kf5 38. Rd7 Nf6 39. Rd8 Ne4
40. Rd5+ Kf6 41. Rxb5 Nd6 42. Re5 Nc4 43. Re8 Nd6 44. Re1 c5 45. d5 Kf5 46. Re6
Nc4 47. Rc6 1-0

[Event "VI Festival A"]
[Site "Amantea ITA"]
[Date "2008.09.07"]
[Round "9"]
[White "Isonzo, David"]
[Black "Naumkin, Igor"]
[Result "0-1"]
[WhiteElo "2362"]
[BlackElo "2502"]
[PlyCount "72"]
[EventDate "2008.08.31"]

1. e4 e5 2. Nf3 Nc6 3. Bc4 Nf6 4. Ng5 d5 5. exd5 Na5 6. Bb5+ c6 7. dxc6 bxc6 8.
Be2 h6 9. Nh3 g5 10. Nc3 Bg7 11. d3 O-O 12. g4 c5 13. f3 Nc6 14. Nf2 Nd4 15. h4
gxh4 16. Nfe4 Rb8 17. b3 Rb6 18. Be3 Nxe4 19. dxe4 Be6 20. Bc4 Bxc4 21. bxc4
Rb2 22. Bxd4 exd4 23. Nd5 Qa5+ 24. Qd2 Qa4 25. Rc1 Qxc4 26. Rxh4 Re8 27. Nf4
Qxa2 28. Nh5 Re6 29. g5 Rb1 30. Nxg7 Kxg7 31. gxh6+ Kh7 32. Rxb1 Qxb1+ 33. Kf2
Rg6 34. Rg4 Rxh6 35. Rg1 Rh2+ 36. Rg2 Qh1 0-1

[Event "VI Festival A"]
[Site "Amantea ITA"]
[Date "2008.09.07"]
[Round "9"]
[White "Maiorov, Nikita"]
[Black "Calzetta Ruiz, Monica"]
[Result "1-0"]
[WhiteElo "2535"]
[BlackElo "2264"]
[PlyCount "93"]
[EventDate "2008.08.31"]

1. d4 Nf6 2. c4 c5 3. d5 b5 4. cxb5 a6 5. bxa6 g6 6. Nc3 Bxa6 7. g3 d6 8. Bg2
Bg7 9. Nf3 Nbd7 10. Rb1 Nb6 11. b3 Bc8 12. Nh4 h6 13. Qc2 Qd7 14. Bb2 g5 15.
Nf3 Kf8 16. h4 g4 17. Nd2 Bb7 18. e4 Ba6 19. Bf1 Qa7 20. a4 Nfd7 21. Bb5 Ne5
22. O-O Rg8 23. Kg2 Qb7 24. Bxa6 Rxa6 25. Nb5 Nbd7 26. Bc3 Ra8 27. Na3 h5 28.
Nac4 Ng6 29. b4 cxb4 30. Rxb4 Qc8 31. Bxg7+ Rxg7 32. Rc1 Qa6 33. a5 Kg8 34. Qb1
Kh7 35. Rb7 Nde5 36. Qb5 Nd3 37. Qxa6 Rxa6 38. Rcb1 Rg8 39. R1b6 Raa8 40. Nb3
Rgc8 41. Rc6 Nge5 42. Nxe5 Nxe5 43. Rxc8 Rxc8 44. a6 Rc2 45. Rb5 Nf3 46. a7 Ra2
47. Ra5 1-0

[Event "VI Festival A"]
[Site "Amantea ITA"]
[Date "2008.09.07"]
[Round "9"]
[White "Savage, Ben D.M."]
[Black "Estremera Panos, Sergio"]
[Result "1/2-1/2"]
[WhiteElo "2309"]
[BlackElo "2394"]
[PlyCount "101"]
[EventDate "2008.08.31"]

1. d4 Nf6 2. c4 e6 3. Nc3 Bb4 4. Qc2 O-O 5. a3 Bxc3+ 6. Qxc3 b6 7. Bg5 Bb7 8.
e3 d6 9. Ne2 Nbd7 10. Qd3 a5 11. Nc3 a4 12. f3 Ra5 13. Bh4 Qa8 14. Be2 d5 15.
cxd5 Ba6 16. Qc2 exd5 17. O-O Re8 18. Bxa6 Qxa6 19. Rfe1 Qc4 20. Rac1 Raa8 21.
Bxf6 Nxf6 22. Ne4 Nxe4 23. fxe4 Qxc2 24. Rxc2 Rxe4 25. Rxc7 f5 26. g3 Rae8 27.
Kf2 g5 28. Rd7 f4 29. Rxd5 fxe3+ 30. Ke2 h6 31. Rd6 b5 32. Rd7 R4e6 33. Rd5 Rb6
34. Kd3 b4 35. Rxe3 Rxe3+ 36. Kxe3 bxa3 37. bxa3 Rb3+ 38. Ke4 Kg7 39. Ra5 Rxa3
40. d5 Ra1 41. d6 a3 42. Kf5 Rf1+ 43. Kg4 Kg6 44. Rxa3 Rf2 45. Kh3 h5 46. g4
hxg4+ 47. Kg3 Rd2 48. Ra6 Kf5 49. Ra5+ Kg6 50. Ra6 Kf5 51. Ra5+ 1/2-1/2

[Event "VI Festival A"]
[Site "Amantea ITA"]
[Date "2008.09.07"]
[Round "9"]
[White "Shaw, David A."]
[Black "Damia, Angelo"]
[Result "0-1"]
[WhiteElo "2269"]
[BlackElo "2247"]
[PlyCount "90"]
[EventDate "2008.08.31"]

1. e4 Nf6 2. e5 Nd5 3. c4 Nb6 4. d4 d6 5. exd6 cxd6 6. Nc3 g6 7. Be3 Bg7 8. Rc1
O-O 9. b3 Bf5 10. Nf3 Bg4 11. Be2 e6 12. O-O d5 13. c5 Nc8 14. b4 a6 15. Qb3
Nc6 16. Rfd1 N8e7 17. b5 Na5 18. Qb4 axb5 19. Qxb5 Bxf3 20. Bxf3 Nf5 21. Rb1
Nxe3 22. fxe3 Qg5 23. Qd3 Qd8 24. Rb4 Qg5 25. Re1 Rfd8 26. a4 Bh6 27. Nb5 Nc6
28. Rb2 e5 29. Nd6 e4 30. Bxe4 dxe4 31. Qxe4 Na5 32. h4 Qg3 33. Rf2 Rxd6 34.
cxd6 Qxd6 35. Qf3 Rf8 36. g4 Qb4 37. Qd1 Re8 38. g5 Bg7 39. Rfe2 Re4 40. h5
gxh5 41. Rf1 Qe7 42. Rg2 Nc4 43. Qxh5 Nxe3 44. Rc1 Nxg2 45. Rc8+ Bf8 0-1

[Event "VI Festival A"]
[Site "Amantea ITA"]
[Date "2008.09.07"]
[Round "9"]
[White "Spassov, Liuben D."]
[Black "Ljubisavljevic, Zivojin Z."]
[Result "1-0"]
[WhiteElo "2428"]
[BlackElo "2261"]
[PlyCount "67"]
[EventDate "2008.08.31"]

1. d4 Nf6 2. c4 c5 3. d5 b5 4. Nf3 bxc4 5. Nc3 d6 6. Nd2 g6 7. e4 Bg7 8. Be2
O-O 9. O-O Ba6 10. Bxc4 Nfd7 11. Bxa6 Nxa6 12. Nc4 Nb6 13. Ne3 c4 14. Qe2 Rc8
15. a4 Qc7 16. Bd2 Nd7 17. Nb5 Qc5 18. Rac1 Nb6 19. Nxa7 Bxb2 20. Nxc8 Rxc8 21.
a5 c3 22. Qxa6 Nd7 23. Rc2 Nf6 24. Bc1 Bxc1 25. Rfxc1 Nxe4 26. Qd3 Qb4 27. f3
Nc5 28. Qxc3 Qf4 29. Ng4 h5 30. Nf2 Qf5 31. Qe3 Rc7 32. Ne4 Qd7 33. Nxc5 dxc5
34. Rxc5 1-0

[Event "VI Festival B"]
[Site "Amantea ITA"]
[Date "2008.08.31"]
[Round "1"]
[White "Alo', Lucio"]
[Black "Paese, Salvatore"]
[Result "1-0"]
[WhiteElo "1454"]
[BlackElo "1324"]
[PlyCount "85"]
[EventDate "2008.08.31"]

1. Nf3 Nc6 2. d4 d5 3. Bf4 Bf5 4. a3 f6 5. e3 e6 6. Bb5 Qd7 7. O-O Bd6 8. Bg3
Nge7 9. Nc3 Bxg3 10. fxg3 a6 11. Bd3 Bxd3 12. Qxd3 O-O 13. Na4 b5 14. Nc5 Qc8
15. e4 Rd8 16. Qe2 dxe4 17. Qxe4 e5 18. dxe5 f5 19. Qh4 Ng6 20. Qh5 Nce7 21.
Ng5 h6 22. Nge6 Rd5 23. Rae1 Qb8 24. Qe2 c6 25. Nd3 Qb6+ 26. Kh1 Rc8 27. Qf3 a5
28. Ndf4 Rdd8 29. Nxg6 Nxg6 30. Qxf5 Ne7 31. Qf7+ Kh8 32. Qxe7 Re8 33. Qh4 b4
34. axb4 axb4 35. Qg4 c5 36. Rf7 Rg8 37. c4 bxc3 38. bxc3 Qb5 39. Nf4 Qb3 40.
Ng6+ Kh7 41. Qf5 Rc6 42. Nf8+ Kh8 43. Qh7# 1-0